[Event "Challenge"]
[Site "http://www.queenalice.com/game.php?id=1823625"]
[Date "2023.10.22"]
[Round "-"]
[White "amadeo"]
[Black "dejami"]
[Result "0-1"]
[WhiteElo "1340"]
[BlackElo "1729"]

1. e4 e5 2. Nf3 Qf6 3. Bd3 g5 4. g4 d5 5. Nc3 Bxg4 6. Be2 d4 7. Nb5 Bd6 8. b3
Nd7 9. Ba3 a6 10. Bxd6 axb5 11. Bxc7 Bxf3 12. Bxf3 Qc6 13. Bxe5 Nxe5 14. Qe2 f5
15. Bh5+ Kd7 16. c4 b4 17. exf5 Qxh1+ 18. Qf1 Nd3+ 19. Ke2 Nf4+ 20. Kd1 Qxf1+
0-1

[Event "Challenge"]
[Site "http://www.queenalice.com/game.php?id=1826624"]
[Date "2023.12.6"]
[Round "-"]
[White "Leanne"]
[Black "amadeo"]
[Result "0-1"]
[WhiteElo "1410"]
[BlackElo "1361"]

1. e4 e5 2. Nf3 Nc6 3. Nc3 Bb4 4. Nd5 Nge7 5. Nxe7 Qxe7 6. g3 h6 7. Bg2 d6 8.
O-O O-O 9. c3 Bc5 10. d4 exd4 11. cxd4 Bg4 12. dxc5 dxc5 13. Qc2 Nb4 14. Qc4 a5
15. Bd2 Be6 16. Qc3 Nxa2 17. Qe3 b6 18. Ng5 Qxg5 19. Qxg5 hxg5 20. Bxg5 Nb4 21.
f4 f6 22. Bh4 g5 23. fxg5 fxg5 24. Bxg5 Nd3 25. e5 Nxe5 26. Bxa8 Rxa8 27. Bf4
Nd3 28. Bxc7 Nxb2 0-1

[Event "Challenge"]
[Site "http://www.queenalice.com/game.php?id=1826625"]
[Date "2023.12.6"]
[Round "-"]
[White "amadeo"]
[Black "Leanne"]
[Result "1-0"]
[WhiteElo "1338"]
[BlackElo "1523"]

1. e4 e5 2. Nf3 Nf6 3. Bd3 Nc6 4. a3 d5 5. Nc3 dxe4 6. Nxe4 Bg4 7. h3 Bxf3 8.
Qxf3 Nd4 9. Qg3 Qd5 10. c4 Qe6 11. O-O Nb3 12. Ra2 Nh5 13. Qf3 Be7 14. Bc2 Nxc1
15. Rxc1 O-O 16. Qxh5 g6 17. Qf3 Qc6 18. b3 f5 19. Nc3 Qd7 20. Qxb7 Bg5 21. Qd5+
Qxd5 22. Nxd5 c6 23. Nb4 Bxd2 24. Rd1 Bxb4 25. axb4 Rad8 26. Rxd8 Rxd8 27. Rxa7
h5 28. Ra6 1-0

[Event "Challenge"]
[Site "http://www.queenalice.com/game.php?id=1830281"]
[Date "2024.1.26"]
[Round "-"]
[White "Leanne"]
[Black "amadeo"]
[Result "0-1"]
[WhiteElo "1365"]
[BlackElo "1379"]

1. c4 c5 2. Nc3 e6 3. Nf3 Bd6 4. e3 Nf6 5. d4 Nc6 6. Be2 b6 7. d5 Nxd5 8. cxd5
exd5 9. O-O O-O 10. e4 d4 11. Nd5 Qe8 12. Bf4 Bxf4 0-1

[Event "Challenge"]
[Site "http://www.queenalice.com/game.php?id=1830282"]
[Date "2024.1.26"]
[Round "-"]
[White "amadeo"]
[Black "Leanne"]
[Result "1-0"]
[WhiteElo "1394"]
[BlackElo "1350"]

1. e4 e6 2. Nf3 d5 3. Bd3 Nf6 4. Qe2 dxe4 5. Bxe4 c6 6. Nc3 g6 7. d4 Bg7 8. Bg5
O-O 9. O-O Qd6 10. h3 Nxe4 11. Nxe4 Qd5 12. Bf6 Bxf6 13. Nxf6+ 1-0

[Event "Challenge"]
[Site "http://www.queenalice.com/game.php?id=1834932"]
[Date "2024.4.11"]
[Round "-"]
[White "amadeo"]
[Black "dejami"]
[Result "0-1"]
[WhiteElo "1447"]
[BlackElo "1685"]

1. e4 e5 2. Nf3 Qf6 3. Bc4 h6 4. O-O c6 5. d3 a5 6. Be3 b5 7. Bb3 a4 8. Bxf7+
Kxf7 9. a3 d6 10. Nc3 g5 11. h3 Qg6 12. Ne2 Be7 13. b4 g4 14. hxg4 Bxg4 15. Nc3
h5 16. Ne2 Bxf3 17. Kh2 Qxg2# 0-1

[Event "Challenge"]
[Site "http://www.queenalice.com/game.php?id=1834933"]
[Date "2024.4.11"]
[Round "-"]
[White "dejami"]
[Black "amadeo"]
[Result "1-0"]
[WhiteElo "1637"]
[BlackElo "1470"]

1. e4 e5 2. Bc4 g6 3. Qf3 f6 4. Nh3 h6 5. Nc3 d6 6. g4 g5 7. d3 Nc6 8. Qd1 Qd7
9. f3 b6 10. Bb5 a6 11. Ba4 b5 12. Bb3 Nd4 13. Bd5 Rb8 14. b4 c5 15. a3 Bb7 16.
Bxg8 Rxg8 17. Be3 f5 18. gxf5 g4 19. Rg1 Nxf3+ 20. Kf2 Nxg1 21. Nxg1 d5 22. Bc1
dxe4 23. dxe4 Qxd1 24. Nxd1 Bxe4 25. Ne3 c4 26. Bb2 Bd6 27. Kg3 h5 28. Ne2 Rf8
29. Rf1 Bc7 30. Nc3 Bb6 31. Nxe4 Bxe3 32. f6 Rd8 33. Rf5 Rf7 34. Rxh5 Bf4+ 35.
Kxg4 Bxh2 36. Rxh2 Rd1 37. Bxe5 Rg1+ 38. Bg3 Rf8 39. Re2 Rg8+ 40. Kf3 Rf1+ 41.
Kg2 Ra1 42. Nd6+ Kd7 43. f7 Rf8 44. Bf4 Rxa3 45. Rd2 Ke6 46. Re2+ Kd7 47. Rd2
Kc6 48. Bh6 Rg8+ 49. fxg8=Q 1-0

[Event "Challenge"]
[Site "http://www.queenalice.com/game.php?id=1839875"]
[Date "2024.7.8"]
[Round "-"]
[White "amadeo"]
[Black "dejami"]
[Result "1-0"]
[WhiteElo "1433"]
[BlackElo "1620"]

1. e4 e5 2. Nf3 f6 3. Bc4 Nh6 4. d4 Nf7 5. Bxf7+ Kxf7 6. dxe5 Nc6 7. Bf4 g5 8.
Be3 Nxe5 9. Nxe5+ fxe5 10. Qh5+ Ke6 11. Bxg5 Be7 12. Bxe7 Qxe7 13. Qf5+ Kd6 14.
Nc3 Kc6 15. O-O d6 16. Qf3 Rg8 17. Nd5 Qg7 18. Qc3+ Kb5 19. Nxc7+ Kb6 20. Nxa8+
Kb5 21. Nc7+ Kb6 22. Nd5+ Kb5 23. Qb4+ Kc6 24. Qc4+ Kd7 25. Qc7+ Ke6 26. Qxg7
Rxg7 27. Rad1 Kd7 28. Rd3 Ke6 29. Nb4 Rd7 30. Rc3 a5 31. Rxc8 axb4 32. b3 Ke7
33. Rh8 Kf6 34. Rf8+ Kg7 35. Rf3 Rc7 36. Rc1 h5 37. Rg3+ Kh6 38. Rg8 Kh7 39. Rd8
Rc6 40. Rd7+ Kg6 41. Rxb7 Kg5 42. Rxb4 Ra6 43. a4 Kf4 44. Rd1 Rc6 45. g3+ Kg4
46. Rd2 Kf3 47. Rd3+ Ke2 48. Re3+ Kd2 49. Rc4 Rb6 50. a5 Rb5 51. a6 Ra5 52. Ra4
Rc5 53. c4 Rc8 54. a7 Ra8 55. b4 Kc2 56. b5 Kd2 57. b6 Kc2 58. b7 Kd2 59. bxa8=Q
Kc2 60. Ra2+ 1-0

[Event "Challenge"]
[Site "http://www.queenalice.com/game.php?id=1839876"]
[Date "2024.7.8"]
[Round "-"]
[White "dejami"]
[Black "amadeo"]
[Result "1-0"]
[WhiteElo "1566"]
[BlackElo "1444"]

1. e4 e5 2. Bc4 g6 3. Qf3 Qe7 4. Nc3 b6 5. Nd5 Qc5 6. b3 b5 7. Bd3 Bb7 8. b4 Qc6
9. Qg3 f6 10. f4 Qd6 11. a3 Bxd5 12. fxe5 fxe5 13. exd5 Qxd5 14. Nh3 Bd6 15. Qg5
Be7 16. Qg3 Bd6 17. Be2 e4 18. Qe3 Nf6 19. Bb2 Be7 20. Nf4 Qf5 21. O-O c5 22.
Nh3 Qd5 23. Nf4 Qg5 24. bxc5 Bxc5 25. Bd4 Bxd4 26. Qxd4 Nc6 27. Qd6 Qe5 28.
Qxe5+ Kf7 29. Qd6 Rhe8 30. Nd5 Re6 31. Qxd7+ Re7 32. Rxf6+ Kg8 33. Nxe7+ Nxe7
34. Qxe7 1-0

[Event "Challenge"]
[Site "http://www.queenalice.com/game.php?id=1841127"]
[Date "2024.7.29"]
[Round "-"]
[White "amadeo"]
[Black "Aquarebel"]
[Result "0-1"]
[WhiteElo "1461"]
[BlackElo "1444"]

1. e4 e5 2. Bc4 c5 3. Nf3 d6 4. h3 Bd7 5. Nc3 a5 6. a4 Nc6 7. b3 Nb4 8. Ba3 Be7
9. Bxb4 cxb4 10. Nd5 Qb8 11. Nb6 Ra7 12. Nxd7 Kxd7 13. Bxf7 Nf6 14. Bc4 Nxe4 15.
d3 Nc3 16. Qd2 b6 17. O-O h6 18. Nh4 Bxh4 19. g3 Bg5 20. Qe1 Qc8 21. h4 Bf6 22.
Qe3 h5 23. Qf3 Qc6 24. Qf5+ Kc7 25. Bf7 Qd7 26. Be6 Qe7 27. Rae1 Raa8 28. Bd5
Nxd5 29. Re2 Nc3 30. Re3 Rac8 31. d4 Nd5 32. Re2 Kb7 33. dxe5 dxe5 34. Rd1 Qd6
35. c4 bxc3 36. Qd3 Rcd8 37. Qe4 Qc6 38. Re3 Nxe3 39. Qxc6+ Kxc6 40. fxe3 Rxd1+
0-1

[Event "Challenge"]
[Site "http://www.queenalice.com/game.php?id=1850070"]
[Date "2025.1.9"]
[Round "-"]
[White "amadeo"]
[Black "StepPhil"]
[Result "0-1"]
[WhiteElo "1456"]
[BlackElo "1368"]

1. e4 e5 2. Nf3 Qf6 3. a3 Bc5 4. d4 exd4 5. Bg5 Qg6 6. Bd3 h6 7. e5 Qb6 8. Bc1
d6 9. exd6 Bxd6 10. Qe2+ Ne7 11. b4 Be6 12. c3 dxc3 13. Nxc3 c6 14. Be3 Qc7 15.
h3 Nd7 16. b5 c5 17. Ne4 b6 18. Qb2 Ne5 19. Nfd2 Nxd3+ 20. Ke2 Nxb2 21. Rhb1 Nc4
22. Nxc4 Bxc4+ 23. Ke1 Be5 24. Rc1 Bxa1 25. Rxa1 Qe5 26. Rd1 Rd8 27. Rc1 Bxb5
0-1

[Event "Challenge"]
[Site "http://www.queenalice.com/game.php?id=1853539"]
[Date "2025.3.8"]
[Round "-"]
[White "amadeo"]
[Black "dejami"]
[Result "1-0"]
[WhiteElo "1463"]
[BlackElo "1700"]

1. e4 e5 2. Bc4 h5 3. Nf3 f6 4. d4 Ne7 5. O-O Nbc6 6. b3 Ng6 7. Be3 d6 8. d5 Nb8
9. h3 Ne7 10. Nc3 a6 11. a4 g5 12. h4 g4 13. Nd2 Ng6 14. g3 f5 15. b4 a5 16. b5
b6 17. Bg5 Be7 18. Bxe7 Nxe7 19. f3 Nd7 20. Nb3 Ng8 21. exf5 Ndf6 22. Ne4 Nd7
23. fxg4 Ndf6 24. Nxf6+ Nxf6 25. g5 Ne4 26. Qf3 Nc5 27. Nxc5 bxc5 28. f6 Kf7 29.
Bd3 Bg4 30. Qf2 Rg8 31. Bf5 Qe8 32. Be6+ Bxe6 33. dxe6+ Qxe6 34. Qf5 Qe8 35.
Qh7+ Ke6 36. f7 1-0

[Event "Challenge"]
[Site "http://www.queenalice.com/game.php?id=1853540"]
[Date "2025.3.8"]
[Round "-"]
[White "dejami"]
[Black "amadeo"]
[Result "0-1"]
[WhiteElo "1709"]
[BlackElo "1436"]

1. e4 e5 2. Bc4 Nf6 3. f3 Bc5 4. Nh3 d6 5. Ng5 Be6 6. Bxe6 fxe6 7. Nxe6 Qe7 8.
Ng5 h6 9. Nh3 g5 10. Nc3 a6 11. Nf2 Bxf2+ 12. Kxf2 Nc6 13. g4 O-O-O 14. Ne2 d5
15. Nc3 Qc5+ 16. Kg2 h5 17. Na4 Qd6 18. a3 hxg4 19. d3 Rh3 20. fxg4 Rh7 21. Bxg5
Rg7 22. Bd2 Rxg4+ 23. Kf3 Nd4+ 24. Ke3 dxe4 25. Bb4 Qc6 26. Nc5 Nd5+ 27. Kf2
Qf6+ 28. Ke1 Ne3 29. Qe2 Nxe2 30. Kxe2 Qf3+ 31. Kd2 Rg2+ 32. Kc3 Rxc2+ 33. Kb3
Qf7+ 34. Ka4 Rd4 0-1